| 000 | 00479nam a2200169Ia 4500 | ||
|---|---|---|---|
| 008 | 090201s9999 xx 000 0 und d | ||
| 010 | _aKPL-10134 | ||
| 040 | _bमराठी | ||
| 041 | _aमराठी | ||
| 082 |
_a45097 _b10134 |
||
| 100 | _aसुरेखा शहा | ||
| 245 |
_aनायक _cसुरेखा शहा |
||
| 260 |
_c2005 _bमेनका प्रकाशन |
||
| 300 |
_a123 _bमोठा |
||
| 600 | _aनायक | ||
| 942 | _cBOOK | ||
| 999 |
_c242054 _d242054 |
||